| 000 | 01203nam a2200349Ia 4500 | ||
|---|---|---|---|
| 003 | OSt | ||
| 005 | 20221007125713.0 | ||
| 006 | a|||||r|||| 00| 0 | ||
| 007 | ta | ||
| 008 | 221006b |||||||| |||| 00| 0 eng d | ||
| 020 |
_a047186255X (pbk) _cRs.6002.58 |
||
| 024 | _a76454 | ||
| 037 |
_b75, 29/01/2007, Dhanraj Book House _cTextbook |
||
| 040 |
_aCDL _cCDL _beng |
||
| 041 |
_2eng _aeng |
||
| 082 | _aE:296, M1 Carc | ||
| 100 | _aFriedlander Gerhart | ||
| 245 | 0 |
_aNuclear and radiochemsitry _b Kennedy Joseph W Macias Edward S Miller Julian Malcolm |
|
| 250 | _a3 | ||
| 260 |
_aNew _bYork John Wiley & Sons _c1981 |
||
| 300 |
_axiii, 684p. _ccm. |
||
| 500 | _aIncludes bibliographical references; Appendix A-F 599-663p; Index 665-684p | ||
| 650 | _a Nuclear chemistry | ||
| 650 |
_a Nuclear physics _9543687 |
||
| 650 | _a Radiochemistry | ||
| 650 | _aChemistry | ||
| 700 | _a Kennedy Joseph W | ||
| 700 | _a Macias Edward S | ||
| 700 | _a Miller Julian Malcolm | ||
| 942 |
_hE:296, M1 Carc _cTB _2CC |
||
| 999 |
_c1215736 _d1215736 |
||